| 000 | 00499 a2200169 4500 | ||
|---|---|---|---|
| 999 |
_c8596 _d8596 |
||
| 050 | 0 | 0 | _aPN2093 HOP 1950 |
| 100 | _aHope, Anthony. | ||
| 245 | 0 | 4 |
_aThe Prisoner of Zenda/ _cAntony Hope |
| 264 |
_aLondon: _bJ.M Dent and sons, _c1950. |
||
| 300 | _a200p. | ||
| 500 | _anovel | ||
| 650 | _a British -- Foreign countries -- Fiction. | ||
| 650 | _a Impostors and imposture -- Fiction. | ||
| 650 | _a FICTION -- General. | ||
| 942 |
_2lcc _cBK _h2093 _iHOP _kPN |
||